| 000 | 00385nam a22001577a 4500 | ||
|---|---|---|---|
| 003 | MACL | ||
| 005 | 20230201121225.0 | ||
| 008 | 230201b |||||||| |||| 00| 0 eng d | ||
| 040 | _cMACL | ||
| 082 | _a800/VIM | ||
| 100 |
_aVimal, Ganga Prasad _932384 |
||
| 245 | _aThe Talisman Stories And Poem | ||
| 260 |
_aDelhi _bYash Education _c2018 |
||
| 650 | _aLiterature | ||
| 942 |
_2ddc _cBK |
||
| 999 |
_c65856 _d65856 |
||